Hygienická kultúra na Slovensku

Bibliographic Details
Main Author: Mucha, Vojtech, 1902-1984 (Author)
Format: Book
Language:Slovak
PhysicalDescription:74, [iii] s. ilustr. 8°
Published: Bratislava Hlavný stan Slovenského Červeného kríža 1944
Subjects:

MARC

LEADER 00000cam a2200000 a 4500
001 vtls008386499
003 SK-MaSNL
005 20260426015801.0
008 250313s1944 xo a 000 0 slo
015 |a SNBA19421945-078/1759 
035 |a SK01SNKBKSD220010078716 
035 |a urn:nbn:sk:snk-am3hleg 
035 |a 68C940FB-0330-4D74-961C-27443E87031D 
035 |a urn:nbn:sk:snk-am00d4he 
035 |a SKM000081179 
040 |a SNK  |b slo  |c SNK  |e AACR2 
041 0 |a slo 
043 |a e-xo--- 
044 |a xo  |c SK 
080 |a 613  |2 1981 
100 1 |a Mucha, Vojtech,  |d 1902-1984  |4 aut  |9 37099 
245 1 0 |a Hygienická kultúra na Slovensku  |c prof. MUDr. Vojtech Mucha 
260 |a Bratislava  |b Hlavný stan Slovenského Červeného kríža  |c 1944  |e Bratislava  |f Ľudotypia 
300 |a 74, [iii] s.  |b ilustr.  |c 8° 
563 |a Ks 10 
650 0 7 |a hygiena  |2 SNKPH  |9 16835 
651 7 |a Slovensko  |2 SNKPHgeo  |9 14231 
655 7 |a monografie  |2 SNKPH  |9 70139 
852 |a Slovenská národná knižnica 
958 |a RK 
958 |a TL 
958 |a OND 
999 |c 1193813  |d 1195743 
952 |a SNK  |b SNK  |y VYP  |7 0  |p 17A1547849  |o snkSC 3278 D1  |i snk2332/44  |0 0  |1 0  |4 0  |d 2024-05-29  |l 0  |r 2026-02-24 22:19:23  |w 2026-02-24 
952 |a SNK  |b SNK  |y PREZ  |7 0  |p 17A0755266  |o snkSC 3278  |i snk3434/44  |0 0  |1 0  |4 0  |d 2018-08-22  |f 1  |l 0  |r 2025-06-25 00:00:00  |w 2026-02-24